01001nas a2200241Ia 4500001001100000003000900011008004100020040001300061040001300074041001300087100003800100210002100138222002100159245009500180250001100275260003600286501008600322300001000408310001200418362003300430500026000463650003600723R022/43041IT-RoPAU151124c99999999xx |||||||||||| ||und|| aIT-RoPAU cIT-RoPAU aITALIANO aAA.VV. gCodice Aut. SPICS: 12000 aINFORMAZIONI MCS aInformazioni Mcs aINFORMAZIONI MCS, ANNO 22-N.04 (APRILE 1979)bInformazioni Mcs, Anno 22-N.04 (Aprile 1979) a1a ed. aVICENZAbINFORMAZIONI MCSc1979 bPaulus - SPICS - Società San Paolo EM (non-commercial uses only)cCopyright2015 a32 p. aMENSILE aANNO 022, N.04 (APRILE 1979) aPastorale della Comunicazione Sociale: Situazione, Problemi, Presenza Operativa nel Campo del Cinema e del Teatro. Schede Critiche dei Film: un Matrimonio, Tragic Bus, un Mercoledi' da Leoni, per Vivere Meglio Divertitevi con Noi, Due Pezzi di Pane, Scont aCINEMAvPUBBLICAZIONE PERIODICA